000 00336nam a2200145Ia 4500
008 150201s2006 xx 000 0 und d
082 _a301
_bS06I
100 _aINDRANI , TK.
245 _aTB. OF SOCIOLOGY FOR NURSES
250 _a1ST
260 _bJAYPEE
_aDELHI
_c2006
300 _a258
650 _aSOCIOLOGY
942 _2ddc
_cBK
_088
999 _c2094
_d2094